00295nam a22000977a 4500008004100000082001300041110004300054245006700097260002400164300000900188230621b xxu||||| |||| 00| 0 eng d a328bHOC bOffice of the Houses of the oireachtas aAn Action Plan for eparliament in the Houses of the Oireachats bHOCcseptember 2002 a100p